000 00713nam a2200289Ia 4500
005 20260324114340.0
008 008 260324s9999 xx 000 0 eng d
020 _a9781003108016
037 _aEBOOK
040 _aCRL
040 _beng
040 _cCRL
041 _2eng
041 _aeng
084 _qCRL
100 _aMark B. Salter; Can E. Mutlu; Philippe M. Frowd
_91150420
245 0 _aResearch Methods in Critical Security Studies
245 3 _bAn Introduction
260 _bTaylor and Francis
260 _c2023
365 _a
365 _b220
856 _uhttp://www.taylorfrancis.com/books/9781003108016
942 _cEBOOK
999 _c1740556
_d1740556